| 000 | 00465nam a2200145 a 4500 | ||
|---|---|---|---|
| 005 | 20140414093833.0 | ||
| 008 | 020927s19uu xx 00 eng d | ||
| 050 |
_aVHS 800 _bOR 10 |
||
| 245 |
_aHiraya Manawari : _bmga kuwento ni Lola Basyang. |
||
| 250 | _aVol. 19 | ||
| 260 | _bABS-CBN Foundation, Inc. | ||
| 520 | _aThe queen mother asks his 3 sons to find a good wife, which will determine which of them will succeed her. | ||
| 942 | _cAVM | ||
| 999 |
_c108847 _d108847 |
||